Statistics for Spanish Names for Cities in the Former Habsburg Netherlands

Click here to take the quiz!

General Stats

  • This quiz has been taken 86 times
    (78 since last reset)
  • The average score is 14 of 20

Answer Stats

Spanish NameModern-Day CountryModern-Day Name% Correct
BruselasBelgiumBrussels
97%
La HayaNetherlandsThe Hague
94%
UtriqueNetherlandsUtrecht
94%
GanteBelgiumGhent
92%
BrujasBelgiumBruges
91%
LilaFranceLille
89%
MastriqueNetherlandsMaastricht
88%
DunquerqueBelgiumDunkirk
85%
GroningaNetherlandsGroningen
85%
LiejaBelgiumLiege
85%
AmberesBelgiumAntwerp
77%
NimegaNetherlandsNijmegen
67%
AquisgránGermany 🇩🇪Aachen
64%
LovainaBelgiumLeuven
56%
LeuvardaNetherlandsLeeuwarden
39%
MedialburqueNetherlandsMiddelburg
38%
CortriqueBelgiumKortrijk
36%
RuremundaNetherlandsRoermond
33%
MalinasBelgiumMechelen
23%
BolduqueNetherlands's-Hertogenbosch
21%

Score Distribution

Percentile by Number Answered

Percent of People with Each Score

Your Score History

You have not taken this quiz since the last reset